000 00619nam a2200217Ia 4500
005 20230724093826.0
008 131103s9999 xx 000 0 und d
040 _aLoreto College
041 _aEnglish
082 _a920
_bDEB
100 _aDe Beauvoir,Simone
245 _aMemoirs of a Dutiful Daughter
_cSimone De Beauvoir; translated from the French by James Kirkup
260 _aHarmondsworth
_bPenguin Books
_c1963 (1967 printing)
300 _a365 p.
504 _aIncludes index
650 _aDe Beauvoir,Simone
651 _aAutobiography
700 _aKirkup,James
850 _aLCLIB
942 _cBK
999 _c12206
_d62685